000 00795nam a22002177a 4500
999 _c8276
_d8276
001 8276
003 BD-JhCC
005 20180220122928.0
008 180220b2014 bg ||||| |||| 00| 0 ben d
035 _a(BD-JhCC)8276
040 _aBD-JhCC
_dBD-JhCC
041 _aben
082 _a297.05
_bRAH 2014
100 _aরাহীম, ডক্টর শাহ মুহাম্মদ আবদুর
245 _aইসলাম শিক্ষা দ্বিতীয় পত্র (একাদশ-দ্বাদশ) /
_cডক্টর শাহ মুহাম্মদ আবদুর রাহীম
260 _aঢাকাঃ
_bসোনালী সোপন প্রকাশন
_c2014
300 _a277 p. :
_c24 cm.
650 _aIslam
942 _2ddc
_cBK